ARRUPE JESUIT UNIVERSITY

CORONAVIRUS -STOP THE SPREAD - CLEAN,DISINFECT,COVER

Dismantling apartheid : (Record no. 66100)

MARC details
000 -LEADER
fixed length control field 01092cam a2200289 a 4500
001 - CONTROL NUMBER
control field 3958884
003 - CONTROL NUMBER IDENTIFIER
control field ARRUPE
005 - DATE AND TIME OF LATEST TRANSACTION
control field 20170530122538.0
008 - FIXED-LENGTH DATA ELEMENTS--GENERAL INFORMATION
fixed length control field 940210s1994 nyua b 001 0 eng
010 ## - LIBRARY OF CONGRESS CONTROL NUMBER
LC control number 94006100
020 ## - INTERNATIONAL STANDARD BOOK NUMBER
International Standard Book Number 0801427010 (alk. paper)
020 ## - INTERNATIONAL STANDARD BOOK NUMBER
International Standard Book Number 0801499925 (alk. paper)
040 ## - CATALOGING SOURCE
Original cataloging agency DLC
Transcribing agency DLC
Modifying agency DLC
043 ## - GEOGRAPHIC AREA CODE
Geographic area code f-sa---
050 00 - LIBRARY OF CONGRESS CALL NUMBER
Classification number DT2405.U48
Item number J64 1994
082 00 - DEWEY DECIMAL CLASSIFICATION NUMBER
Classification number 968.7/91
Edition number 20
300 ## - PHYSICAL DESCRIPTION
Other physical details ill. ;
Dimensions 24 cm.
100 1# - MAIN ENTRY--PERSONAL NAME
Personal name Johnson, Walton R.
9 (RLIN) 31689
245 10 - TITLE STATEMENT
Title Dismantling apartheid :
Remainder of title a South African town in transition /
Statement of responsibility, etc Walton R. Johnson.
260 ## - PUBLICATION, DISTRIBUTION, ETC. (IMPRINT)
Place of publication, distribution, etc Ithaca :
Name of publisher, distributor, etc Cornell University Press,
Date of publication, distribution, etc 1994.
300 ## - PHYSICAL DESCRIPTION
Extent xi, 246 p. :
440 #0 - SERIES STATEMENT/ADDED ENTRY--TITLE
Title Anthropology of contemporary issues
9 (RLIN) 31690
504 ## - BIBLIOGRAPHY, ETC. NOTE
Bibliography, etc Includes bibliographical references (p. 231-240) and index.
650 #0 - SUBJECT ADDED ENTRY--TOPICAL TERM
Topical term or geographic name as entry element Apartheid
Geographic subdivision South Africa
-- Umtata.
9 (RLIN) 31691
651 #0 - SUBJECT ADDED ENTRY--GEOGRAPHIC NAME
Geographic name Umtata (South Africa)
General subdivision History.
9 (RLIN) 31692
906 ## - LOCAL DATA ELEMENT F, LDF (RLIN)
a 7
b cbc
c orignew
d 1
e ocip
f 19
g y-gencatlg
942 ## - ADDED ENTRY ELEMENTS (KOHA)
Source of classification or shelving scheme Library of Congress Classification
Koha item type Monograph ( Printed materials)
Holdings
Withdrawn status Lost status Source of classification or shelving scheme Damaged status Not for loan Collection code Home library Current library Shelving location Date acquired Total Checkouts Full call number Barcode Date last seen Date checked out Copy number Price effective from Koha item type
    Library of Congress Classification     Main Collection ARRUPE LIBRARY ARRUPE LIBRARY   05/03/2013 3 DT2405.U48J64 1994 46004004654 17/01/2023 12/01/2023 1 05/03/2013 Monograph ( Printed materials)

 

Arrupe Library. PO Box MP320 Mt Pleasant, Harare, Zimbabwe
263 242 745411|librarian@aju.ac.zw